Mechanical engineering craft practice / (Record no. 616974)

000 -LEADER
fixed length control field 00417nam a22001457a 4500
020 ## - INTERNATIONAL STANDARD BOOK NUMBER
Qualifying information HB.
040 ## - CATALOGING SOURCE
Transcribing agency FIZZA ISHAQ
082 ## - DEWEY DECIMAL CLASSIFICATION NUMBER
Classification number 621.9
Author Mark HOW
100 ## - MAIN ENTRY--PERSONAL NAME
Personal name W. H. Howell & A. Greer.
9 (RLIN) 134046
245 ## - TITLE STATEMENT
Title Mechanical engineering craft practice /
Statement of responsibility, etc. A. Greer W. H. Howell.
250 ## - EDITION STATEMENT
Edition statement 1st Edition. illustrated,
260 ## - PUBLICATION, DISTRIBUTION, ETC.
Place of publication, distribution, etc. London:
Name of publisher, distributor, etc. Edward Arnold,
Date of publication, distribution, etc. 1966.
300 ## - PHYSICAL DESCRIPTION
Extent 361 P. ;
Dimensions 7.5 x 5 inches
942 ## - ADDED ENTRY ELEMENTS (KOHA)
Source of classification or shelving scheme
Koha item type Book
Holdings
Withdrawn status Lost status Source of classification or shelving scheme Damaged status Not for loan Permanent Location Current Location Shelving location Date acquired Total Checkouts Full call number Barcode Date last seen Price effective from Koha item type
          NUST Baluchistan Campus (NBC) NUST Baluchistan Campus (NBC) Reference 04/13/2026   621.9 HOW QD-112 04/13/2026 04/13/2026 Book
© 2023 Central Library, National University of Sciences and Technology. All Rights Reserved.